Curriculum Development and Design (Record no. 47211)

MARC details
000 -LEADER
fixed length control field 00388nam a22001577a 4500
008 - FIXED-LENGTH DATA ELEMENTS--GENERAL INFORMATION
fixed length control field 220528b ||||| |||| 00| 0 eng d
020 ## - INTERNATIONAL STANDARD BOOK NUMBER
International Standard Book Number 9788183764261
041 ## - LANGUAGE CODE
Language code of text/sound track or separate title eng
082 ## - DEWEY DECIMAL CLASSIFICATION NUMBER
Classification number 375
Item number SHC
100 ## - MAIN ENTRY--PERSONAL NAME
Personal name Sharma Anita
245 ## - TITLE STATEMENT
Title Curriculum Development and Design
Statement of responsibility, etc. By Anita Sharma
260 ## - PUBLICATION, DISTRIBUTION, ETC.
Place of publication, distribution, etc. New Delhi
Name of publisher, distributor, etc. ABD Pub.
Date of publication, distribution, etc. 2023
300 ## - PHYSICAL DESCRIPTION
Extent 256p.
650 ## - SUBJECT ADDED ENTRY--TOPICAL TERM
Topical term or geographic name entry element EDUCATION
942 ## - ADDED ENTRY ELEMENTS (KOHA)
Koha item type Books
Holdings
Withdrawn status Lost status Source of classification or shelving scheme Damaged status Not for loan Home library Current library Date acquired Source of acquisition Cost, normal purchase price Total Checkouts Full call number Barcode Date last seen Price effective from Koha item type
    Dewey Decimal Classification     Chaudhary Ranbir Singh University Chaudhary Ranbir Singh University 18.04.2023 Nirmal Book Agency 1495.00   375 SHC 32637 26.06.2023 26.06.2023 Books
    Dewey Decimal Classification     Chaudhary Ranbir Singh University Chaudhary Ranbir Singh University 28.12.2023 Nipa Genx Electronic Resources & Solutions Pvt. Ltd. 1495.00   375 SHC 34527 02.02.2024 02.02.2024 Books


Copyright © 2025 CRSU. All Rights Reserved.